| 000 | 01262nam a2200301 a 4500 | ||
|---|---|---|---|
| 001 | ebr2000719 | ||
| 003 | CaPaEBR | ||
| 006 | m u | ||
| 007 | cr cn||||||||| | ||
| 008 | 980402s1999 enka sb 001 0 eng c | ||
| 010 | _z 98007142 | ||
| 020 | _z0521633532 (pbk.) | ||
| 040 |
_aCaPaEBR _cCaPaEBR |
||
| 035 | _a(OCoLC)56191173 | ||
| 050 | 1 | 4 |
_aRC376.5 _b.O95 1999eb |
| 082 | 0 | 4 |
_a616.8/3 _221 |
| 100 | 1 |
_aOwens, D. G. Cunningham _q(David Griffith Cunningham), _d1949- |
|
| 245 | 1 | 2 |
_aA guide to the extrapyramidal side-effects of antipsychotic drugs _h[electronic resource] / _cD.G. Cunningham Owens. |
| 260 |
_aCambridge ; _aNew York : _bCambridge University Press, _c1999. |
||
| 300 |
_ax, 351 p. : _bill. |
||
| 504 | _aIncludes bibliographical references (p. 320-345) and index. | ||
| 533 |
_aElectronic reproduction. _bPalo Alto, Calif. : _cebrary, _d2013. _nAvailable via World Wide Web. _nAccess may be limited to ebrary affiliated libraries. |
||
| 650 | 0 | _aExtrapyramidal disorders. | |
| 650 | 0 |
_aAntipsychotic drugs _xSide effects. |
|
| 655 | 7 |
_aElectronic books. _2local |
|
| 710 | 2 | _aebrary, Inc. | |
| 856 | 4 | 0 |
_uhttp://site.ebrary.com/lib/rucke/Doc?id=2000719 _zAn electronic book accessible through the World Wide Web; click to view |
| 999 |
_c228714 _d228714 |
||